[Event "AUT-chT District U18 Online Rapid"]
[Site "Playchess.com INT"]
[Date "2020.12.12"]
[Round "3"]
[White "Borrmann, Laurenz"]
[Black "Burgstaller, Bastian"]
[Result "1-0"]
[WhiteElo "1973"]
[BlackElo "1374"]
[PlyCount "73"]
[EventDate "2020.12.12"]
[EventType "team-swiss (rapid)"]
[EventRounds "9"]
[EventCountry "AUT"]
[SourceTitle "EXT 2022"]
[Source "ChessBase"]
[SourceDate "2021.10.06"]
[SourceVersion "1"]
[SourceVersionDate "2021.10.06"]
[SourceQuality "1"]

1. e4 e5 2. Nf3 Nc6 3. Bc4 Nf6 4. d3 h6 5. c3 Bc5 6. Nbd2 d6 7. Nf1 Be6 8. Bb5 Qd7 9. d4 a6 10. Bxc6 bxc6 11. dxc5 dxc5 12. Qxd7+ Kxd7 13. Nxe5+ Kd6 14. Bf4 g5 15. 0-0-0+ Ke7 16. Nxc6+ Ke8 17. Be5 Nxe4 18. Bxh8 Nxf2 19. Ng3 Nxh1 20. Nxh1 Bg4 21. Re1+ Kd7 22. Ne5+ Kd6 23. Nxg4 Rxh8 24. Ng3 h5 25. Nf5+ Kc6 26. Ne5+ Kb5 27. c4+ Kb6 28. Nxf7 Rf8 29. Re6+ Ka5 30. N5h6 g4 31. Kc2 h4 32. a3 g3 33. h3 Rb8 34. Kc3 Rf8 35. b4+ cxb4+ 36. axb4+ Ka4 37. Rxa6# 1-0

[Event "AUT-chT District U18 Online Rapid"]
[Site "Playchess.com INT"]
[Date "2020.12.12"]
[Round "1"]
[White "Katter, Katharina"]
[Black "Burgstaller, Bastian"]
[Result "1-0"]
[WhiteElo "1826"]
[BlackElo "1391"]
[PlyCount "113"]
[EventDate "2020.12.12"]
[EventType "team-swiss (rapid)"]
[EventRounds "9"]
[EventCountry "AUT"]
[SourceTitle "EXT 2022"]
[Source "ChessBase"]
[SourceDate "2021.10.06"]
[SourceVersion "1"]
[SourceVersionDate "2021.10.06"]
[SourceQuality "1"]

1. d4 d5 2. Nf3 c6 3. c4 e6 4. e3 Nf6 5. Nc3 Nbd7 6. Qc2 Be7 7. b3 0-0 8. Be2 b6 9. Bb2 Bb7 10. 0-0 Qc7 11. Rad1 Rad8 12. e4 dxe4 13. Nxe4 Nxe4 14. Qxe4 c5 15. d5 Bd6 16. Qg4 f6 17. Qxe6+ Kh8 18. Bd3 Ne5 19. Nxe5 Bxe5 20. Bxe5 Qxe5 21. Qxe5 fxe5 22. Rfe1 Rfe8 23. Re2 Re7 24. Rde1 Rde8 25. f4 e4 26. Rxe4 Rxe4 27. Rxe4 Rxe4 28. Bxe4 Bc8 29. d6 Bd7 30. Bd5 g6 31. h3 Kg7 32. Kf2 Kf6 33. g4 g5 34. Kf3 h6 35. Ke4 a6 36. f5 a5 37. Be6 Bxe6 38. fxe6 Kxe6 39. d7 Kxd7 40. Kf5 Kd6 41. Kf6 Kc6 42. Kg6 b5 43. Kxh6 Kd6 44. cxb5 Kc7 45. Kxg5 Kb6 46. a4 Kc7 47. h4 Kd6 48. h5 Kd5 49. h6 c4 50. bxc4+ Kxc4 51. b6 Kb4 52. b7 Kxa4 53. b8Q Ka3 54. h7 Ka2 55. h8Q Ka3 56. Qhb2+ Ka4 57. Q8b3# 1-0

[Event "AUT-ch U12 Online Blitz"]
[Site "Playchess.com INT"]
[Date "2020.12.11"]
[Round "1"]
[White "Balint, Peter1111"]
[Black "Burgstaller, Bastian"]
[Result "1-0"]
[WhiteElo "1754"]
[BlackElo "1620"]
[PlyCount "59"]
[EventDate "2020.12.11"]
[EventType "swiss (blitz)"]
[EventRounds "7"]
[EventCountry "AUT"]
[SourceTitle "EXT 2022"]
[Source "ChessBase"]
[SourceDate "2021.10.06"]
[SourceVersion "1"]
[SourceVersionDate "2021.10.06"]
[SourceQuality "1"]

1. e4 e5 2. Nf3 Nc6 3. Bb5 a6 4. Ba4 Nf6 5. Nc3 b5 6. Bb3 Be7 7. d3 0-0 8. 0-0 d6 9. Be3 Bg4 10. h3 Bh5 11. Nd5 h6 12. Nxf6+ Bxf6 13. Bd5 Qd7 14. Nxe5 dxe5 15. Qxh5 Rab8 16. Qf3 Nb4 17. Bb3 a5 18. Bc5 Rfe8 19. a3 Nc6 20. Be3 Rbc8 21. Bxh6 gxh6 22. Qxf6 Rf8 23. Qg6+ Kh8 24. Qxh6+ Kg8 25. Qg6+ Kh8 26. Qf6+ Kg8 27. Rae1 a4 28. Re3 Kh7 29. Rg3 Rg8 30. Qh4# 1-0

[Event "AUT-ch U10"]
[Site "St Kanzian"]
[Date "2019.06.21"]
[Round "3"]
[White "Balint, Peter1111"]
[Black "Burgstaller, Bastian"]
[Result "1-0"]
[WhiteElo "1380"]
[BlackElo "1212"]
[PlyCount "53"]
[EventDate "2019.06.21"]
[EventType "swiss"]
[EventRounds "7"]
[EventCountry "AUT"]
[SourceTitle "CBM 191 Extra"]
[Source "ChessBase"]
[SourceDate "2019.09.30"]
[SourceVersion "1"]
[SourceVersionDate "2019.09.30"]
[SourceQuality "1"]

1. e4 e5 2. Bc4 Nf6 3. d3 d6 4. Nf3 Be7 5. 0-0 0-0 6. c3 Nc6 7. a4 a5 8. Nbd2 Bg4 9. h3 Bh5 10. Re1 Re8 11. Nf1 h6 12. Ng3 Bg6 13. Nh4 Bh7 14. Nhf5 g6 15. Nxh6+ Kg7 16. Nxf7 Qd7 17. Bh6+ Kg8 18. Nxe5+ d5 19. Nxd7 dxc4 20. Nxf6+ Bxf6 21. dxc4 Rad8 22. Qb3 g5 23. c5+ Kh8 24. Qf7 Be5 25. Nh5 Rg8 26. Nf6 b6 27. Qxh7# 1-0

[Event "AUT-ch U08"]
[Site "St Veit"]
[Date "2016.05.29"]
[Round "7.4"]
[White "Burgstaller, Bastian"]
[Black "Schwarz, Felix1111"]
[Result "0-1"]
[WhiteElo "1001"]
[BlackElo "961"]
[PlyCount "40"]
[EventDate "2016.05.27"]
[EventType "swiss"]
[EventRounds "7"]
[EventCountry "AUT"]
[SourceTitle "EXT 2024"]
[Source "ChessBase"]
[SourceDate "2023.10.10"]
[SourceVersion "1"]
[SourceVersionDate "2023.10.10"]
[SourceQuality "1"]

1. e4 e6 2. d4 d5 3. exd5 exd5 4. c4 c6 5. Nf3 Bd6 6. Be2 Nd7 7. 0-0 Ngf6 8. Bg5 h6 9. Bh4 0-0 10. Nc3 b5 11. cxd5 cxd5 12. Nxd5 Bb7 13. Nxf6+ Nxf6 14. Bxb5 Bb8 15. Re1 Qc7 16. g3 g5 17. Bxg5 hxg5 18. Nxg5 Qd8 19. h4 Qd5 20. Ba4 Qg2# 0-1

[Event "AUT-ch U08"]
[Site "St Veit"]
[Date "2016.05.27"]
[Round "1.3"]
[White "Burgstaller, Bastian"]
[Black "Guba, Viktor"]
[Result "0-1"]
[WhiteElo "1001"]
[BlackElo "865"]
[PlyCount "74"]
[EventDate "2016.05.27"]
[EventType "swiss"]
[EventRounds "7"]
[EventCountry "AUT"]
[SourceTitle "EXT 2024"]
[Source "ChessBase"]
[SourceDate "2023.10.10"]
[SourceVersion "1"]
[SourceVersionDate "2023.10.10"]
[SourceQuality "1"]

1. e4 e5 2. Nf3 Nc6 3. Bb5 Nf6 4. Nc3 Bb4 5. a3 Bxc3 6. bxc3 0-0 7. 0-0 Nxe4 8. Re1 Nf6 9. Nxe5 Nxe5 10. Rxe5 d6 11. Re3 Bg4 12. f3 Bd7 13. Bxd7 Nxd7 14. d4 Nf6 15. Bb2 Re8 16. Rxe8+ Qxe8 17. Qe1 c5 18. dxc5 dxc5 19. Qxe8+ Rxe8 20. c4 Nd7 21. Bc3 Nb6 22. Re1 Rxe1+ 23. Bxe1 Nxc4 24. a4 Na3 25. c3 c4 26. Bf2 b6 27. Bd4 b5 28. axb5 Nxb5 29. Kf2 a5 30. Ke1 a4 31. Kd2 a3 32. Kc1 Nxd4 33. cxd4 c3 34. Kb1 Kf8 35. Ka2 c2 36. Kxa3 c1Q+ 37. Kb4 Qf4 0-1

[Event "AUT-ch U08"]
[Site "St Veit"]
[Date "2016.05.27"]
[Round "3.7"]
[White "Burgstaller, Bastian"]
[Black "Seebacher, Elias"]
[Result "1-0"]
[WhiteElo "1001"]
[BlackElo "874"]
[PlyCount "41"]
[EventDate "2016.05.27"]
[EventType "swiss"]
[EventRounds "7"]
[EventCountry "AUT"]
[SourceTitle "EXT 2024"]
[Source "ChessBase"]
[SourceDate "2023.10.10"]
[SourceVersion "1"]
[SourceVersionDate "2023.10.10"]
[SourceQuality "1"]

1. e4 d5 2. exd5 Qxd5 3. Nc3 Qe5+ 4. Be2 e6 5. Nf3 Qd6 6. 0-0 Be7 7. d4 Nf6 8. Bg5 0-0 9. Qd3 b6 10. Ne5 h6 11. Bf4 Nd5 12. Nxd5 exd5 13. Qg3 Bf6 14. Nf3 Qe7 15. Rfe1 Nc6 16. Bb5 Nxd4 17. Rxe7 Bxe7 18. Nxd4 Bf6 19. Nc6 Bd7 20. Bxh6 g6 21. Bxf8 1-0